000 01145nam a2200217 i 4500
001 164432
003 ES-MaACL
005 20250827063228.0
008 951113s1856 sp |||| | spa d
040 _aCLM
_bspa
_cCCPB | SIC
100 1 _aSaldoni, Baltasar,
_d1807-1889
_9132330
245 1 0 _aReseña histórica de la Escolania o Colegio de música de la Virgen de Montserrat, en Cataluña, desde 1456 hasta hoy día
_b: con un catálogo de algunos de los maestros que ha habido, y de varios alumnos aventajados que de él han salido, ya eclesiásticos, ya nobles, ya tambien de los que mas se han distinguido en la música /
_cpor Baltasar Saldoni.
260 _aMadrid :
_b[s.n.],
_c1856 (
_fImp. de Repullés)
300 _a85 p. ;
_c21 cm.
530 _aDisponible en formato digital.
610 2 4 _aEscolanía de Montserrat-
_vHistoria.
_9161878
650 0 4 _aMúsicos-
_vBiografías.
_915425
852 _aES-MaACL
_jT-25-F-3
_z-- Enc. hol., falto de la enc. original
_z-- Enc. en un vol. facticio
856 _uhttp://bdh-rd.bne.es/viewer.vm?id=0000092643&page=1
_zBiblioteca Digital Hispánica
999 _c164432
_d164432